LEADER 01088nam0 2200289 450 001 000027988 005 20101109164642.0 010 $a88-14-15886-X 100 $a20101109d2010----km-y0itay50------ba 101 0 $aita 102 $aIT 105 $ay-------001yy 200 1 $aAppalti pubblici$edisciplina, procedura e nuovi profili processuali$fGerardo Guzzo 210 $aMilano$cGiuffrè$dc2010 215 $aXIX, 362 p.$d21 cm 225 2 $aTeoria e pratica del diritto$iAmministrativo 300 $aIn copertina: Aggiornato alla Direttiva ricorsi (D. lgs. 53/2010) 410 0$12001$aTeoria e pratica del diritto. Amministrativo 500 10$aAppalti pubblici : disciplina, procedura e nuovi profili processuali$941550 610 1 $aAppalti pubblici$aLegislazione 676 $a344.4506$v22$9Lavori pubblici 700 1$aGuzzo,$bGerardo$0316182 801 0$aIT$bUNIPARTHENOPE$c20101109$gRICA$2UNIMARC 912 $a000027988 951 $a344-A/7$b42662$cNAVA1$d2010 996 $aAppalti pubblici : disciplina, procedura e nuovi profili processuali$941550 997 $aUNIPARTHENOPE LEADER 03189nam 2200661 450 001 9910652503803321 005 20200520144314.0 010 $a0-8214-4489-1 035 $a(CKB)3710000000086288 035 $a(EBL)1743587 035 $a(OCoLC)869735879 035 $a(SSID)ssj0001114282 035 $a(PQKBManifestationID)12492013 035 $a(PQKBTitleCode)TC0001114282 035 $a(PQKBWorkID)11055141 035 $a(PQKB)10351384 035 $a(MiAaPQ)EBC1743587 035 $a(Au-PeEL)EBL1743587 035 $a(CaPaEBR)ebr10834531 035 $a(EXLCZ)993710000000086288 100 $a20140211h20142014 uy 0 101 0 $aeng 135 $aur|n|---||||| 181 $ctxt 182 $cc 183 $acr 200 14$aThe fair trade scandal $emarketing poverty to benefit the rich /$fNdongo Samba Sylla ; translated by David Cl{copy}?·ment Leye 210 1$aAthens, Ohio :$cOhio University Press,$d2014. 210 4$d{copy}2014 215 $a1 online resource (193 p.) 300 $a"First published 2013 by Harmattan S{acute}en{acute}egal as Le Scandale commerce {acute}equitable: le marketing de la pauvret{acute}e au service des riches"--T. p. verso. 311 $a0-8214-2092-5 320 $aIncludes bibliographical references and index. 327 $aList of Illustrations; Acknowledgements; List of Acronyms and Abbreviations; Introduction; 1: On the Inequalities of the International Trade System; 2: The Fair Trade Universe; 3: Controversies Around Fair Trade; 4: Redeeming the Free Market as a Solution to Poverty: The Limitations of the FT Economic Model; 5: Looking for the Global Impact of Fair Trade; Conclusion; Annexes; Notes; Bibliography; Index 330 $a This critical account of the fair trade movement explores the vast gap between the rhetoric of fair trade and its practical results for poor countries, particularly those of Africa. In the Global North, fair trade often is described as a revolutionary tool for transforming the lives of millions across the globe. The growth in sales for fair trade products has been dramatic in recent years, but most of the benefit has accrued to the already wealthy merchandisers at the top of the value chain rather than to the poor producers at the bottom. Ndongo Sylla has worked for Fairtrade International a 606 $aInternational trade$xMoral and ethical aspects 606 $aMarketing$xMoral and ethical aspects 606 $aProduce trade$zDeveloping countries 606 $aCompetition, Unfair 606 $aFair trade foods 606 $aPrice maintenance 608 $aElectronic books. 615 0$aInternational trade$xMoral and ethical aspects. 615 0$aMarketing$xMoral and ethical aspects. 615 0$aProduce trade 615 0$aCompetition, Unfair. 615 0$aFair trade foods. 615 0$aPrice maintenance. 676 $a382/.3 700 $aSylla$b Ndongo Samba$01032987 701 $aLeye$b David Cl{acute}ement$01100637 801 0$bMiAaPQ 801 1$bMiAaPQ 801 2$bMiAaPQ 906 $aBOOK 912 $a9910652503803321 996 $aThe fair trade scandal$92621990 997 $aUNINA